Beabadoobee - Take A Bite - Statistics

General Stats
  • This quiz has been taken 74 times
  • The average score is 163 of 229
Answer Stats
Answer % Correct
a
98%
take
94%
Take
94%
I
91%
(I
91%
it
91%
It
91%
bite
87%
to
87%
in
83%
when
83%
and
81%
the
81%
want
81%
But
77%
but
77%
might
77%
see
77%
wanted
77%
world
77%
I'm
74%
on
74%
think
74%
do
72%
Through
72%
through
72%
again
70%
again)
70%
all
70%
eyes
70%
mind
70%
over
70%
that
70%
That
70%
with
70%
your
70%
cherry
68%
eat
68%
sit
68%
top
68%
Wanna
68%
wanna
68%
it's
64%
night,
64%
Sure,
64%
situations
62%
talk
62%
colour
60%
are
57%
easy
57%
wonder
57%
lips
55%
exist
53%
kiss
53%
Moments
53%
cease
51%
imaginations
51%
harder
49%
like
49%
Only
49%
fix
47%
get
47%
Indulging
47%
breathe
43%
fabricated
43%
expectations
40%
gets
40%
guess
40%
love
40%
I'll
38%
temptations
38%
trying
38%
what's
38%
bleeds
36%
hit
36%
point
36%
this?
36%
turns
36%
craving
34%
if
34%
into
34%
just
34%
of
34%
Stuck
32%
'Cause
30%
'Cause
30%
unattainable
30%
backwards
28%
Moving
28%
reverse
26%
way
26%
Some
19%
things
19%
No matching quizzes found
Score Distribution
Percent of People with Each Score
Percentile by Number Answered
Your Score History
You have not taken this quiz